00266nam a2200109Ia 4500008004000000082001700040100002000057245001500077260004400092300000600136650001400142210210b1994 xxu||||| |||| 00| 0 eng d a355.002 DHIN aDHILLON (R),Ed. aN D A Kit. aN DbDhillon Group of Publicationc1994 a- aN D A Kit